| 000 | 00361 a2200157 4500 | ||
|---|---|---|---|
| 001 | 49276 | ||
| 040 | _cAnchieta - Bela Vista | ||
| 100 | _aLopes, Eduardo | ||
| 240 | 1 | 0 |
_aA escada e outras histórias _lpor |
| 245 | 1 | 0 | _aA escada e outras histórias |
| 300 | _a52 | ||
| 362 | 0 | _a2011 | |
| 440 | 1 | _aP55 Edições | |
| 650 | 4 | _aLiteratura juvenil | |
| 942 | _cBK | ||
| 999 |
_c49276 _d49276 |
||